MARC details
| 000 -LEADER |
| campo de control de longitud fija |
01540nam a2200421 i 4500 |
| 001 - NÚMERO DE CONTROL |
| campo de control |
12416 |
| 003 - IDENTIFICADOR DE NÚMERO DE CONTROL |
| campo de control |
ES-MaACL |
| 005 - FECHA Y HORA DE LA ÚLTIMA TRANSACCIÓN |
| campo de control |
20250803063029.0 |
| 007 - CAMPO FIJO DE DESCRIPCIÓN FÍSICA--INFORMACIÓN GENERAL |
| campo de control de longitud fija |
t| |
| 008 - DATOS DE LONGITUD FIJA--INFORMACIÓN GENERAL |
| campo de control de longitud fija |
921014s1992 sp |||| | spa j |
| 017 ## - NÚMERO DE COPYRIGHT O DE DEPÓSITO LEGAL |
| Número de copyright o de depósito legal |
M 26318-1992 |
| Agencia que asigna |
Oficina Depósito Legal Madrid |
| 020 ## - NÚMERO INTERNACIONAL ESTÁNDAR DEL LIBRO |
| Número Internacional Estándar del Libro |
84-7100-490-9 |
| 080 ## - NÚMERO DE LA CLASIFICACIÓN DECIMAL UNIVERSAL |
| Número de la Clasificación Decimal Universal |
9(=96:7/8) |
| 080 ## - NÚMERO DE LA CLASIFICACIÓN DECIMAL UNIVERSAL |
| Número de la Clasificación Decimal Universal |
326(7/8)(091) |
| 100 1# - ENTRADA PRINCIPAL--NOMBRE DE PERSONA |
| Nombre de persona |
Martínez Montiel, Luz María. |
| Término indicativo de función/relación |
Autor |
| 9 (RLIN) |
78254 |
| 245 10 - MENCIÓN DEL TÍTULO |
| Título |
Negros en América / |
| Mención de responsabilidad, etc. |
Luz María Martínez Montiel. |
| 260 ## - PUBLICACIÓN, DISTRIBUCIÓN, ETC. |
| Lugar de publicación, distribución, etc. |
Madrid : |
| Nombre del editor, distribuidor, etc. |
Mapfre, |
| Fecha de publicación, distribución, etc. |
[1992] |
| 300 ## - DESCRIPCIÓN FÍSICA |
| Extensión |
372 páginas ; |
| Dimensiones |
23 cm |
| 490 1# - MENCIÓN DE SERIE |
| Mención de serie |
Colección América, crisol de pueblos |
| Designación de volumen o secuencia |
2 |
| RLIN |
179309 |
| 490 1# - MENCIÓN DE SERIE |
| Mención de serie |
Colecciones MAPFRE 1492 |
| RLIN |
241455 |
| 500 ## - NOTA GENERAL |
| Nota general |
Índices |
| 500 ## - NOTA GENERAL |
| Nota general |
Cronología |
| 500 ## - NOTA GENERAL |
| Nota general |
Biografías |
| 504 ## - NOTA DE BIBLIOGRAFÍA, ETC. |
| Nota de bibliografía, etc. |
Bibliografía: páginas [355]-359 |
| 505 ## - NOTA DE CONTENIDO CON FORMATO |
| Nota de contenido con formato |
El mundo precolonial; Trata y esclavitud; El negro en América; Las culturas afroamericanas |
| 530 ## - NOTA DISPONIBLE DE FORMULARIO FÍSICO ADICIONAL |
| Nota de formato físico adicional disponible |
Disponible en formato digital |
| 650 #4 - PUNTO DE ACCESO ADICIONAL DE MATERIA--TÉRMINO DE MATERIA |
| Término de materia o nombre geográfico como elemento de entrada |
Personas negras- |
| Subdivisión geográfica |
América |
| 9 (RLIN) |
241496 |
| 650 #4 - PUNTO DE ACCESO ADICIONAL DE MATERIA--TÉRMINO DE MATERIA |
| Término de materia o nombre geográfico como elemento de entrada |
Esclavitud- |
| Subdivisión geográfica |
América |
| 9 (RLIN) |
162982 |
| 710 2# - ENTRADA AGREGADA--NOMBRE DE ENTIDAD CORPORATIVA |
| Nombre de entidad corporativa o nombre de jurisdicción como elemento de entrada |
Fundación MAPFRE América |
| Término indicativo de función/relación |
entidad responsable |
| 9 (RLIN) |
4363 |
| 710 2# - ENTRADA AGREGADA--NOMBRE DE ENTIDAD CORPORATIVA |
| Nombre de entidad corporativa o nombre de jurisdicción como elemento de entrada |
Fundación MAPFRE |
| Término indicativo de función/relación |
Editor |
| 9 (RLIN) |
4362 |
| 830 00 - PUNTO DE ACCESO ADICIONAL DE SERIE-TÍTULO UNIFORME |
| Título uniforme |
Colección América, crisol de pueblos |
| Designación de volumen o secuencia |
2 |
| 9 (RLIN) |
179309 |
| 830 #0 - PUNTO DE ACCESO ADICIONAL DE SERIE-TÍTULO UNIFORME |
| Título uniforme |
Colecciones MAPFRE 1492 |
| 9 (RLIN) |
241455 |
| 852 ## - LOCALIZACIÓN |
| Ubicación |
ES-MaACL |
| Ubicación en estantería |
Depósito 2 |
| Número de control de estantería |
L-19880 |
| 856 ## - LOCALIZACIÓN Y ACCESO ELECTRÓNICOS |
| Identificador Uniforme de Recursos |
<a href="https://archive.org/details/martinez-l.-m.-negros-en-america-1992">https://archive.org/details/martinez-l.-m.-negros-en-america-1992</a> |
| Texto de enlace |
Versión en línea |
| Nota pública |
(Internet Archive) |
| 942 ## - ELEMENTOS DE ENTRADA SECUNDARIOS (KOHA) |
| Fuente del sistema de clasificación o colocación |
Clasificación decimal universal |
| Tipo de ítem Koha |
Libro impreso |
| Suprimir en OPAC |
No |